| 000 | 00361 a2200133 4500 | ||
|---|---|---|---|
| 005 | 20250621092840.0 | ||
| 020 | _a0-256-02437-5 | ||
| 082 | _a658.83 PET | ||
| 100 | _aPETERSON, R. A. | ||
| 245 | _aMarketing Research | ||
| 260 |
_aTexas, _bBusiness Publications, Inc. _c1982. |
||
| 300 |
_axvi, 678p.: ill.; figure, table, picture, _bIndex, _c24cm. |
||
| 942 |
_2ddc _cBKS |
||
| 999 |
_c427 _d427 |
||